Partidos políticos en América Latina: hacia una profesionalización de calidad /

Պահպանված է:
Մատենագիտական մանրամասներ
Հիմնական հեղինակ: Alcántara-Sáez, Manuel
Ձևաչափ: Տեքստ
Ցուցիչներ: Ավելացրեք ցուցիչ
Չկան պիտակներ, Եղեք առաջինը, ով նշում է այս գրառումը!

MARC

LEADER 00000 a a2200000 04500
001 46284
003
040
100 |a Alcántara-Sáez, Manuel  
245 |a Partidos políticos en América Latina:   |b hacia una profesionalización de calidad /  |c Manuel Alcántara-Sáez  
773 |g volumen19, número58 ( , 2012), páginas 53-70 : tablas  
999 |c 26233  |d 26233